DIODE SEMICONDUCTOR D. A. T. A. BOOK ELECTRONIC INFORMATION SERIES JAN 1981 THROUGH JUNE 1981 (Record no. 581223)

000 -LEADER
fixed length control field 00329nam a22001217a 4500
082 ## - DEWEY DECIMAL CLASSIFICATION NUMBER
Classification number 621.38152 DIO'S
100 ## - MAIN ENTRY--PERSONAL NAME
Personal name SEMTECH
9 (RLIN) 75813
245 ## - TITLE STATEMENT
Title DIODE SEMICONDUCTOR D. A. T. A. BOOK ELECTRONIC INFORMATION SERIES JAN 1981 THROUGH JUNE 1981
250 ## - EDITION STATEMENT
Edition statement 47TH
260 ## - PUBLICATION, DISTRIBUTION, ETC.
Place of publication, distribution, etc. UK
Name of publisher, distributor, etc. D. A. T. A.
Date of publication, distribution, etc. 1980
300 ## - PHYSICAL DESCRIPTION
Extent 637P
942 ## - ADDED ENTRY ELEMENTS (KOHA)
Koha item type Book
Holdings
Withdrawn status Lost status Damaged status Not for loan Permanent Location Current Location Shelving location Date acquired Total Checkouts Full call number Barcode Date last seen Price effective from Koha item type
        College of Electrical & Mechanical Engineering (CEME) College of Electrical & Mechanical Engineering (CEME) General Stacks 05/24/2017   621.38152 DIO'S CEME-12000 06/28/2021 06/28/2021 Book
© 2023 Central Library, National University of Sciences and Technology. All Rights Reserved.